000
00323nam a22001457a 4500
003
SGT
082
_a
616.07
_b
R17V
100
_a
VINAY, KUMAR
245
_a
ROBINS & COTRAN PATHOLOGIC BASIC OF DISEASE
250
_a
9TH
260
_a
INDIA
_b
ELSEVIER
_c
2017
300
_a
1391
650
_a
PATHOLOGY
942
_2
ddc
_c
BK
_0
76
999
_c
14145
_d
14145